[Event "SM-gruppen"]
[Site "Örebro"]
[Date "2013.07.13"]
[Round "8"]
[White "Grandelius, Nils"]
[Black "Hector, Jonny"]
[Result "1-0"]
[BlackElo "2509"]
[WhiteElo "2573"]

1. e4 {[%clk 1:30:55]} e5 {[%clk 1:30:42]} 2. Nf3 {[%clk 1:31:16]} Nc6
{[%clk 1:31:06]} 3. Bb5 {[%clk 1:31:44]} a6 {[%clk 1:30:49]} 4. Ba4
{[%clk 1:32:07]} Nf6 {[%clk 1:30:58]} 5. O-O {[%clk 1:31:42]} Nxe4
{[%clk 1:31:02]} 6. d4 {[%clk 1:31:45]} b5 {[%clk 1:31:16]} 7. Bb3
{[%clk 1:31:38]} d5 {[%clk 1:31:23]} 8. dxe5 {[%clk 1:31:47]} Be6
{[%clk 1:31:24]} 9. c3 {[%clk 1:29:45]} Bc5 {[%clk 1:29:50]} 10. Qd3
{[%clk 1:29:27]} O-O {[%clk 1:23:04]} 11. Nbd2 {[%clk 1:28:59]} f5
{[%clk 1:23:13]} 12. exf6 {[%clk 1:29:25]} Nxf6 {[%clk 1:23:27]} 13. a4
{[%clk 1:27:33]} g6 {[%clk 1:23:26]} 14. Nd4 {[%clk 1:19:01]} Nxd4
{[%clk 1:23:19]} 15. cxd4 {[%clk 1:19:25]} Bf5 {[%clk 1:23:04]} 16. Qc3
{[%clk 1:17:57]} Bd6 {[%clk 1:23:11]} 17. Nf3 {[%clk 1:09:58]} b4
{[%clk 1:21:08]} 18. Qc6 {[%clk 1:07:58]} Qe8 {[%clk 1:21:19]} 19. Qxe8
{[%clk 0:58:51]} Raxe8 {[%clk 1:20:41]} 20. Be3 {[%clk 0:45:21]} Kg7
{[%clk 1:03:29]} 21. h3 {[%clk 0:41:41]} Be4 {[%clk 0:59:06]} 22. Nd2
{[%clk 0:41:37]} Bd3 {[%clk 0:58:58]} 23. Rfe1 {[%clk 0:41:02]} Re7
{[%clk 0:57:27]} 24. Rac1 {[%clk 0:31:15]} Rfe8 {[%clk 0:44:12]} 25. Nf3
{[%clk 0:31:19]} Bf5 {[%clk 0:40:38]} 26. a5 {[%clk 0:25:42]} Bd7
{[%clk 0:38:22]} 27. Ne5 {[%clk 0:21:43]} Bb5 {[%clk 0:28:59]} 28. Bg5
{[%clk 0:19:39]} c5 {[%clk 0:21:06]} 29. Bxf6+ {[%clk 0:18:25]} Kxf6
{[%clk 0:21:11]} 30. Ng4+ {[%clk 0:18:52]} Kg7 {[%clk 0:20:26]} 31. Rxe7+
{[%clk 0:19:17]} Bxe7 {[%clk 0:13:49]} 32. dxc5 {[%clk 0:19:13]} h5
{[%clk 0:13:09]} 33. Ne3 {[%clk 0:19:02]} d4 {[%clk 0:12:48]} 34. Nd5
{[%clk 0:19:12]} Bd8 {[%clk 0:06:30]} 35. c6 {[%clk 0:17:02]} Bxa5
{[%clk 0:06:24]} 36. Ra1 {[%clk 0:15:54]} Bxc6 {[%clk 0:05:31]} 37. Rxa5
{[%clk 0:16:02]} Re1+ {[%clk 0:02:54]} 38. Kh2 {[%clk 0:16:26]} d3
{[%clk 0:02:24]} 39. Rc5 {[%clk 0:05:19]} Bb5 {[%clk 0:02:03]} 40. Nc7
{[%clk 0:33:47]} Re2 {[%clk 0:31:13]} 41. Nxb5 {[%clk 0:31:50]} Rxb2
{[%clk 0:30:56]} 42. Nd4 {[%clk 0:29:34]} d2 {[%clk 0:30:47]} 43. Rd5
{[%clk 0:29:46]} a5 {[%clk 0:29:09]} 44. Ba4 {[%clk 0:28:55]} Ra2
{[%clk 0:27:59]} 45. Ne6+ {[%clk 0:29:09]} Kf6 {[%clk 0:27:46]} 46. Nc5
{[%clk 0:29:30]} Kg7 {[%clk 0:27:55]} 47. Bd1 {[%clk 0:29:40]} 1-0

[Event "SM-gruppen"]
[Site "Örebro"]
[Date "2013.07.13"]
[Round "8"]
[White "Smith, Axel"]
[Black "Tikkanen, Hans"]
[Result "0-1"]
[BlackElo "2528"]
[WhiteElo "2461"]

1. d4 {[%clk 1:31:00]} Nf6 {[%clk 1:28:29]} 2. c4 {[%clk 1:31:28]} e6
{[%clk 1:28:44]} 3. Nf3 {[%clk 1:28:51]} c5 {[%clk 1:28:42]} 4. d5
{[%clk 1:27:18]} b5 {[%clk 1:29:06]} 5. Bg5 {[%clk 1:27:08]} b4 {[%clk 1:29:21]}
6. e4 {[%clk 1:11:18]} d6 {[%clk 1:29:43]} 7. Bd3 {[%clk 1:09:45]} Be7
{[%clk 1:29:52]} 8. Be3 {[%clk 1:02:07]} Ng4 {[%clk 1:07:57]} 9. Bc1
{[%clk 1:01:58]} Bf6 {[%clk 1:02:52]} 10. h3 {[%clk 1:01:57]} Ne5
{[%clk 1:03:02]} 11. Nxe5 {[%clk 1:02:21]} Bxe5 {[%clk 1:03:27]} 12. Nd2
{[%clk 1:01:54]} Qf6 {[%clk 0:52:44]} 13. Rb1 {[%clk 1:02:02]} O-O
{[%clk 0:52:03]} 14. O-O {[%clk 0:59:40]} Bf4 {[%clk 0:50:11]} 15. Re1
{[%clk 0:33:23]} e5 {[%clk 0:33:06]} 16. Nf1 {[%clk 0:33:22]} Bxc1
{[%clk 0:30:49]} 17. Rxc1 {[%clk 0:33:02]} a5 {[%clk 0:29:43]} 18. a4
{[%clk 0:29:18]} Nd7 {[%clk 0:29:09]} 19. Ne3 {[%clk 0:29:06]} g6
{[%clk 0:28:16]} 20. Kf1 {[%clk 0:25:30]} h5 {[%clk 0:28:02]} 21. b3
{[%clk 0:23:00]} h4 {[%clk 0:25:07]} 22. Qg4 {[%clk 0:19:24]} Qf4
{[%clk 0:24:19]} 23. Nc2 {[%clk 0:18:31]} Kg7 {[%clk 0:21:16]} 24. Rcd1
{[%clk 0:16:35]} Rh8 {[%clk 0:18:14]} 25. Kg1 {[%clk 0:09:37]} Qh6
{[%clk 0:12:49]} 26. Ne3 {[%clk 0:09:44]} Nf6 {[%clk 0:12:36]} 27. Qf3
{[%clk 0:10:07]} Qf4 {[%clk 0:12:22]} 28. Qxf4 {[%clk 0:09:28]} exf4
{[%clk 0:12:50]} 29. Nf1 {[%clk 0:09:17]} Nd7 {[%clk 0:11:05]} 30. Nh2
{[%clk 0:09:46]} Ne5 {[%clk 0:11:14]} 31. Be2 {[%clk 0:10:14]} Kf6
{[%clk 0:09:37]} 32. Nf3 {[%clk 0:07:11]} Bd7 {[%clk 0:08:20]} 33. Nxe5
{[%clk 0:07:40]} Kxe5 {[%clk 0:08:44]} 34. f3 {[%clk 0:06:40]} Rh5
{[%clk 0:06:57]} 35. Kf2 {[%clk 0:06:57]} Re8 {[%clk 0:07:14]} 36. Bd3
{[%clk 0:06:44]} Kf6 {[%clk 0:06:10]} 37. Re2 {[%clk 0:07:00]} Rg5
{[%clk 0:05:22]} 38. Ree1 {[%clk 0:06:58]} Kg7 {[%clk 0:05:22]} 39. Re2
{[%clk 0:04:09]} Re7 {[%clk 0:05:25]} 40. Rde1 {[%clk 0:32:54]} Ree5
{[%clk 0:34:33]} 41. Rd2 {[%clk 0:31:44]} Kf6 {[%clk 0:31:23]} 42. Rb2
{[%clk 0:29:10]} Rh5 {[%clk 0:26:00]} 43. Rd2 {[%clk 0:27:40]} Reg5
{[%clk 0:26:03]} 44. Rb2 {[%clk 0:25:47]} Ke5 {[%clk 0:26:17]} 45. Rd2
{[%clk 0:25:41]} Rg3 {[%clk 0:26:38]} 46. Bf1 {[%clk 0:25:14]} Rhg5
{[%clk 0:26:40]} 47. Ra1 {[%clk 0:21:52]} Bxh3 {[%clk 0:20:37]} 48. gxh3
{[%clk 0:22:21]} Rg1 {[%clk 0:21:00]} 49. Rad1 {[%clk 0:10:58]} R5g3
{[%clk 0:13:21]} 50. Rd3 {[%clk 0:11:28]} g5 {[%clk 0:07:55]} 51. R1d2
{[%clk 0:10:25]} Rh1 {[%clk 0:03:24]} 52. Rd1 {[%clk 0:03:57]} Rh2+
{[%clk 0:02:48]} 53. Ke1 {[%clk 0:04:26]} Rg1 {[%clk 0:01:52]} 54. R1d2
{[%clk 0:04:52]} Rhh1 {[%clk 0:01:00]} 55. Rf2 {[%clk 0:05:16]} Rxh3
{[%clk 0:01:14]} 56. Rg2 {[%clk 0:05:29]} Rxg2 {[%clk 0:00:58]} 57. Bxg2
{[%clk 0:05:57]} Rh2 {[%clk 0:01:09]} 58. Rd2 {[%clk 0:04:44]} h3
{[%clk 0:01:03]} 59. Bf1 {[%clk 0:03:32]} Rh1 {[%clk 0:01:30]} 60. Rf2
{[%clk 0:02:45]} h2 {[%clk 0:01:35]} 61. Ke2 {[%clk 0:03:08]} f6 {[%clk 0:01:49]}
62. Bh3 {[%clk 0:00:36]} Rb1 {[%clk 0:01:11]} 63. Bg2 {[%clk 0:00:33]} Rg1
{[%clk 0:01:27]} 64. Kd3 {[%clk 0:00:32]} Rxg2 {[%clk 0:01:21]} 65. Rxg2
{[%clk 0:00:57]} h1=Q {[%clk 0:01:40]} 66. Rh2 {[%clk 0:01:14]} Qxf3+ 0-1

[Event "SM-gruppen"]
[Site "Örebro"]
[Date "2013.07.13"]
[Round "8"]
[White "Lindberg, Bengt"]
[Black "Brynell, Stellan"]
[Result "1-0"]
[BlackElo "2484"]
[WhiteElo "2410"]

1. e4 {[%clk 1:30:48]} e6 {[%clk 1:30:52]} 2. d4 {[%clk 1:31:14]} d5
{[%clk 1:31:17]} 3. Nc3 {[%clk 1:31:42]} Bb4 {[%clk 1:31:34]} 4. e5
{[%clk 1:32:06]} c5 {[%clk 1:31:58]} 5. a3 {[%clk 1:32:32]} Bxc3+
{[%clk 1:32:20]} 6. bxc3 {[%clk 1:32:59]} Qc7 {[%clk 1:32:35]} 7. Qg4
{[%clk 1:33:21]} f5 {[%clk 1:32:49]} 8. Qg3 {[%clk 1:33:30]} Nc6 {[%clk 1:33:11]}
9. Ne2 {[%clk 1:29:08]} Kf7 {[%clk 1:33:07]} 10. h4 {[%clk 1:27:04]} Nge7
{[%clk 1:30:34]} 11. Be3 {[%clk 1:10:19]} cxd4 {[%clk 1:26:12]} 12. cxd4
{[%clk 1:10:34]} Bd7 {[%clk 1:21:09]} 13. Nf4 {[%clk 1:06:11]} Nd8
{[%clk 0:55:11]} 14. Bd2 {[%clk 0:45:16]} Qxc2 {[%clk 0:52:45]} 15. Bd3
{[%clk 0:45:33]} Qb2 {[%clk 0:52:16]} 16. Rb1 {[%clk 0:45:55]} Qxd4
{[%clk 0:52:30]} 17. O-O {[%clk 0:46:12]} Qxe5 {[%clk 0:39:50]} 18. Rfe1
{[%clk 0:38:04]} Qf6 {[%clk 0:37:26]} 19. Nh5 {[%clk 0:37:46]} Qg6
{[%clk 0:37:25]} 20. Bg5 {[%clk 0:37:55]} Kf8 {[%clk 0:22:30]} 21. Nf4
{[%clk 0:11:02]} Qf7 {[%clk 0:20:10]} 22. Bxe7+ {[%clk 0:11:25]} Qxe7
{[%clk 0:20:24]} 23. Bxf5 {[%clk 0:11:48]} Rc8 {[%clk 0:08:44]} 24. Bh3
{[%clk 0:08:40]} Rc5 {[%clk 0:04:02]} 25. Rbd1 {[%clk 0:07:44]} Kg8
{[%clk 0:00:36]} 26. Nxd5 {[%clk 0:05:34]} Qf8 {[%clk 0:01:04]} 27. Nf4
{[%clk 0:04:57]} Bc8 {[%clk 0:00:59]} 28. Qd3 {[%clk 0:03:20]} Kf7
{[%clk 0:00:34]} 29. Qb3 {[%clk 0:02:22]} Qe7 {[%clk 0:00:41]} 30. Nd3
{[%clk 0:02:13]} Rc7 {[%clk 0:00:36]} 31. Ne5+ {[%clk 0:02:26]} Kg8
{[%clk 0:01:04]} 32. Rd4 {[%clk 0:01:55]} g6 {[%clk 0:01:01]} 33. Qg3
{[%clk 0:01:20]} Kg7 {[%clk 0:01:02]} 34. Red1 {[%clk 0:01:00]} Rf8
{[%clk 0:00:57]} 35. h5 {[%clk 0:01:19]} g5 {[%clk 0:00:50]} 36. Ng4
{[%clk 0:00:38]} Rc5 {[%clk 0:00:56]} 37. h6+ {[%clk 0:00:59]} Kg8
{[%clk 0:01:09]} 38. Ne5 {[%clk 0:00:52]} Nf7 {[%clk 0:01:17]} 39. Nxf7
{[%clk 0:01:11]} Qxf7 {[%clk 0:01:43]} 40. Rd8 {[%clk 0:31:17]} Qf4
{[%clk 0:30:41]} 41. Rxc8 {[%clk 0:27:00]} Rfxc8 {[%clk 0:30:55]} 42. Bxe6+
{[%clk 0:27:25]} Kf8 {[%clk 0:31:05]} 43. Qxf4+ {[%clk 0:27:23]} gxf4
{[%clk 0:31:30]} 44. Bxc8 {[%clk 0:27:50]} Rxc8 {[%clk 0:31:55]} 45. Rd7
{[%clk 0:28:06]} Rc1+ {[%clk 0:26:25]} 46. Kh2 {[%clk 0:28:24]} Rc6
{[%clk 0:26:52]} 47. Rxh7 {[%clk 0:28:42]} Kg8 {[%clk 0:27:19]} 48. Rg7+
{[%clk 0:22:54]} Kh8 {[%clk 0:24:37]} 49. Rxb7 {[%clk 0:17:35]} Rxh6+
{[%clk 0:24:42]} 50. Kg1 {[%clk 0:18:01]} Ra6 {[%clk 0:25:06]} 51. Rb4
{[%clk 0:12:30]} f3 {[%clk 0:24:48]} 52. a4 {[%clk 0:10:10]} fxg2
{[%clk 0:24:51]} 53. Rg4 {[%clk 0:10:08]} Kh7 {[%clk 0:24:44]} 54. Kxg2
{[%clk 0:10:33]} Kh6 {[%clk 0:25:01]} 55. Kf3 {[%clk 0:10:12]} Kh5
{[%clk 0:25:06]} 56. Rc4 {[%clk 0:07:01]} Kg5 {[%clk 0:23:44]} 57. Rc5+
{[%clk 0:06:58]} Kf6 {[%clk 0:23:57]} 58. a5 {[%clk 0:07:22]} Ke6
{[%clk 0:20:22]} 59. Ke4 {[%clk 0:07:41]} Kd7 {[%clk 0:20:46]} 60. f4
{[%clk 0:07:01]} Ke6 {[%clk 0:20:07]} 61. Rh5 {[%clk 0:06:42]} Kf7
{[%clk 0:20:17]} 62. Rc5 {[%clk 0:05:06]} Ke6 {[%clk 0:20:15]} 63. Kd4
{[%clk 0:04:46]} Rd6+ {[%clk 0:17:03]} 64. Kc4 {[%clk 0:05:13]} Rd1
{[%clk 0:17:02]} 65. Kb5 {[%clk 0:04:23]} Rf1 {[%clk 0:17:06]} 66. Rc4
{[%clk 0:04:16]} Kd6 {[%clk 0:15:35]} 67. Ka6 {[%clk 0:02:06]} Ra1
{[%clk 0:15:22]} 68. Rb4 {[%clk 0:01:29]} Kc6 {[%clk 0:15:11]} 69. Rb8
{[%clk 0:01:24]} Kd6 {[%clk 0:14:45]} 70. Rb2 {[%clk 0:00:39]} Rf1
{[%clk 0:15:01]} 71. Rb4 {[%clk 0:00:38]} Ra1 {[%clk 0:15:11]} 72. Rd4+
{[%clk 0:00:32]} Kc6 {[%clk 0:14:47]} 73. Rd8 {[%clk 0:00:39]} Rf1
{[%clk 0:14:03]} 74. Rf8 {[%clk 0:01:07]} Ra1 {[%clk 0:14:10]} 75. f5
{[%clk 0:00:58]} Kd6 {[%clk 0:14:37]} 76. Rf7 {[%clk 0:01:04]} Ke5
{[%clk 0:15:00]} 77. Rxa7 {[%clk 0:01:09]} Kxf5 {[%clk 0:15:25]} 78. Re7
{[%clk 0:01:35]} Kf6 {[%clk 0:15:50]} 79. Re2 {[%clk 0:01:52]} Rb1
{[%clk 0:16:16]} 80. Ka7 {[%clk 0:02:16]} Kf7 {[%clk 0:16:42]} 81. a6
{[%clk 0:02:35]} Rb3 {[%clk 0:17:06]} 82. Ka8 {[%clk 0:03:00]} Rb1
{[%clk 0:17:31]} 83. a7 {[%clk 0:03:27]} Rb3 {[%clk 0:17:59]} 84. Rc2
{[%clk 0:02:40]} Ke7 {[%clk 0:17:58]} 85. Rc8 {[%clk 0:01:41]} Kd6
{[%clk 0:16:55]} 86. Rb8 {[%clk 0:02:05]} Ra3 {[%clk 0:17:21]} 87. Kb7
{[%clk 0:02:23]} Rb3+ {[%clk 0:17:47]} 88. Kc8 {[%clk 0:02:22]} Rc3+
{[%clk 0:18:13]} 89. Kd8 {[%clk 0:02:35]} Rg3 {[%clk 0:18:40]} 90. Ke8
{[%clk 0:01:08]} 1-0

[Event "SM-gruppen"]
[Site "Örebro"]
[Date "2013.07.13"]
[Round "8"]
[White "Hillarp Persson, Tiger"]
[Black "Cramling, Pia"]
[Result "1-0"]
[BlackElo "2524"]
[WhiteElo "2528"]

1. d4 {[%clk 1:30:37]} Nf6 {[%clk 1:30:52]} 2. c4 {[%clk 1:31:02]} e6
{[%clk 1:31:13]} 3. Nf3 {[%clk 1:31:27]} Bb4+ {[%clk 1:30:02]} 4. Nbd2
{[%clk 1:31:51]} d5 {[%clk 1:29:37]} 5. Qa4+ {[%clk 1:31:38]} Nc6
{[%clk 1:30:01]} 6. e3 {[%clk 1:28:31]} O-O {[%clk 1:24:15]} 7. a3
{[%clk 1:19:41]} Bxd2+ {[%clk 1:20:29]} 8. Bxd2 {[%clk 1:19:20]} Ne4
{[%clk 1:20:50]} 9. Qc2 {[%clk 1:10:03]} Bd7 {[%clk 1:14:29]} 10. Rc1
{[%clk 0:41:08]} a6 {[%clk 1:04:42]} 11. Bd3 {[%clk 0:37:10]} f5 {[%clk 1:04:32]}
12. cxd5 {[%clk 0:33:20]} exd5 {[%clk 1:03:16]} 13. Qb3 {[%clk 0:33:42]} Be8
{[%clk 1:01:51]} 14. O-O {[%clk 0:27:20]} Bh5 {[%clk 0:42:59]} 15. Be1
{[%clk 0:16:54]} Rb8 {[%clk 0:37:45]} 16. Ne5 {[%clk 0:14:00]} Nxe5
{[%clk 0:14:13]} 17. dxe5 {[%clk 0:13:13]} b6 {[%clk 0:06:22]} 18. Qc2
{[%clk 0:13:17]} c5 {[%clk 0:04:40]} 19. f3 {[%clk 0:12:57]} c4 {[%clk 0:04:56]}
20. Bxe4 {[%clk 0:13:16]} fxe4 {[%clk 0:05:10]} 21. f4 {[%clk 0:13:37]} a5
{[%clk 0:04:37]} 22. Bc3 {[%clk 0:12:22]} Bg4 {[%clk 0:03:56]} 23. h3
{[%clk 0:12:15]} Bc8 {[%clk 0:04:11]} 24. Qd2 {[%clk 0:12:22]} h5
{[%clk 0:04:26]} 25. Rf2 {[%clk 0:08:08]} Rb7 {[%clk 0:04:29]} 26. Qd1
{[%clk 0:07:34]} h4 {[%clk 0:03:44]} 27. Qh5 {[%clk 0:07:34]} Bf5
{[%clk 0:03:44]} 28. e6 {[%clk 0:07:34]} Rc7 {[%clk 0:03:44]} 29. Rd1
{[%clk 0:07:34]} Rc6 {[%clk 0:03:44]} 30. e7 {[%clk 0:07:34]} Qxe7
{[%clk 0:03:44]} 31. Rxd5 {[%clk 0:07:34]} Rc5 {[%clk 0:03:44]} 32. Rfd2
{[%clk 0:07:34]} Rxd5 {[%clk 0:03:44]} 33. Rxd5 {[%clk 0:07:34]} Qf7
{[%clk 0:03:44]} 34. Qg5 {[%clk 0:07:34]} g6 {[%clk 0:03:44]} 35. Rd6
{[%clk 0:07:34]} Qh7 {[%clk 0:03:44]} 36. Rxb6 {[%clk 0:07:34]} a4
{[%clk 0:03:44]} 37. Ra6 {[%clk 0:07:34]} Re8 {[%clk 0:03:44]} 38. Qf6
{[%clk 0:07:34]} Rf8 {[%clk 0:03:44]} 39. Qd4 {[%clk 0:07:34]} Bc8
{[%clk 0:03:44]} 1-0

[Event "SM-gruppen"]
[Site "Örebro"]
[Date "2013.07.13"]
[Round "8"]
[White "Wiedenkeller, Michael"]
[Black "Carlsson, Pontus"]
[Result "1-0"]
[BlackElo "2516"]
[WhiteElo "2475"]

1. d4 {[%clk 1:30:54]} Nf6 {[%clk 1:28:25]} 2. c4 {[%clk 1:31:10]} e6
{[%clk 1:28:50]} 3. Nc3 {[%clk 1:31:20]} Bb4 {[%clk 1:28:48]} 4. Qc2
{[%clk 1:31:18]} d5 {[%clk 1:29:01]} 5. a3 {[%clk 1:31:02]} Bxc3+
{[%clk 1:29:25]} 6. Qxc3 {[%clk 1:31:20]} c5 {[%clk 1:29:48]} 7. dxc5
{[%clk 1:30:38]} d4 {[%clk 1:30:12]} 8. Qg3 {[%clk 1:30:09]} Nc6 {[%clk 1:28:08]}
9. e4 {[%clk 1:22:23]} Qa5+ {[%clk 1:09:54]} 10. Bd2 {[%clk 1:18:33]} Qxd2+
{[%clk 1:04:16]} 11. Kxd2 {[%clk 1:18:58]} Nxe4+ {[%clk 1:04:43]} 12. Kc2
{[%clk 1:18:47]} Nxg3 {[%clk 1:05:07]} 13. hxg3 {[%clk 1:19:10]} e5
{[%clk 0:38:51]} 14. Bd3 {[%clk 1:17:09]} f5 {[%clk 0:38:20]} 15. f3
{[%clk 1:16:55]} a5 {[%clk 0:33:05]} 16. g4 {[%clk 1:06:32]} O-O {[%clk 0:28:03]}
17. Ne2 {[%clk 0:56:01]} a4 {[%clk 0:25:42]} 18. gxf5 {[%clk 0:45:05]} Bxf5
{[%clk 0:26:09]} 19. Ng3 {[%clk 0:45:05]} Bxd3+ {[%clk 0:26:06]} 20. Kxd3
{[%clk 0:45:32]} Rf6 {[%clk 0:08:08]} 21. Ne4 {[%clk 0:39:32]} Rf4
{[%clk 0:08:00]} 22. Rab1 {[%clk 0:36:58]} Nb8 {[%clk 0:02:32]} 23. b4
{[%clk 0:31:20]} axb3 {[%clk 0:02:56]} 24. Rxb3 {[%clk 0:31:49]} Nd7
{[%clk 0:00:39]} 25. Rhb1 {[%clk 0:32:03]} Rxe4 {[%clk 0:00:37]} 26. Kxe4
{[%clk 0:31:56]} Nxc5+ {[%clk 0:00:46]} 27. Kxe5 {[%clk 0:32:21]} Nxb3
{[%clk 0:00:39]} 28. Rxb3 {[%clk 0:29:48]} Rd8 {[%clk 0:00:42]} 29. Rd3
{[%clk 0:25:05]} h5 {[%clk 0:00:42]} 30. Rxd4 {[%clk 0:25:05]} Re8+
{[%clk 0:00:46]} 31. Kf4 {[%clk 0:23:23]} Ra8 {[%clk 0:00:54]} 32. Kg5
{[%clk 0:16:02]} Rxa3 {[%clk 0:00:58]} 33. Kxh5 {[%clk 0:16:28]} Kh7
{[%clk 0:00:57]} 34. Kg5 {[%clk 0:15:59]} Ra5+ {[%clk 0:00:36]} 35. Rd5
{[%clk 0:15:57]} Ra2 {[%clk 0:00:50]} 36. g4 {[%clk 0:15:55]} Rc2
{[%clk 0:00:36]} 37. c5 {[%clk 0:16:21]} Rb2 {[%clk 0:00:32]} 38. Kf5
{[%clk 0:16:24]} b6 {[%clk 0:00:33]} 39. c6 {[%clk 0:16:42]} Rc2 {[%clk 0:00:57]}
40. Rd6 {[%clk 0:46:58]} b5 {[%clk 0:31:21]} 41. Ke4 1-0

[Event "SM-gruppen"]
[Site "Örebro"]
[Date "2013.07.14"]
[Round "9"]
[White "Hector, Jonny"]
[Black "Wiedenkeller, Michael"]
[Result "0-1"]
[BlackElo "2475"]
[WhiteElo "2509"]

1. e4 {[%clk 1:30:30]} e6 {[%clk 1:28:09]} 2. d4 {[%clk 1:30:46]} d5
{[%clk 1:28:27]} 3. Nc3 {[%clk 1:31:10]} Nf6 {[%clk 1:27:52]} 4. Bg5
{[%clk 1:31:23]} dxe4 {[%clk 1:27:58]} 5. Nxe4 {[%clk 1:31:43]} Nbd7
{[%clk 1:28:20]} 6. Nxf6+ {[%clk 1:31:05]} Nxf6 {[%clk 1:28:38]} 7. Nf3
{[%clk 1:30:39]} c5 {[%clk 1:28:45]} 8. Bc4 {[%clk 1:28:15]} cxd4
{[%clk 1:21:35]} 9. O-O {[%clk 1:28:17]} Bc5 {[%clk 1:14:50]} 10. Qe2
{[%clk 1:21:58]} O-O {[%clk 1:03:46]} 11. Rad1 {[%clk 1:20:56]} h6
{[%clk 1:01:21]} 12. Bh4 {[%clk 1:19:32]} Qb6 {[%clk 0:56:42]} 13. Bxf6
{[%clk 1:13:18]} gxf6 {[%clk 0:57:07]} 14. b4 {[%clk 1:05:46]} Qxb4
{[%clk 0:52:04]} 15. Nxd4 {[%clk 1:04:13]} Qb6 {[%clk 0:33:39]} 16. Nb5
{[%clk 0:52:20]} a6 {[%clk 0:26:50]} 17. Rd3 {[%clk 0:49:10]} Rd8
{[%clk 0:21:20]} 18. Nc3 {[%clk 0:42:35]} Rxd3 {[%clk 0:17:29]} 19. Qxd3
{[%clk 0:42:35]} Qc7 {[%clk 0:15:19]} 20. Rd1 {[%clk 0:30:51]} b5
{[%clk 0:13:31]} 21. Qd8+ {[%clk 0:24:18]} Qxd8 {[%clk 0:13:54]} 22. Rxd8+
{[%clk 0:24:42]} Kg7 {[%clk 0:12:39]} 23. Bb3 {[%clk 0:23:32]} Bb4
{[%clk 0:10:12]} 24. Ne2 {[%clk 0:23:13]} Bb7 {[%clk 0:10:08]} 25. Rd7
{[%clk 0:21:31]} Bc6 {[%clk 0:08:14]} 26. Rc7 {[%clk 0:18:04]} Rd8
{[%clk 0:08:27]} 27. c3 {[%clk 0:18:07]} Bd5 {[%clk 0:08:54]} 28. Bxd5
{[%clk 0:17:29]} Rxd5 {[%clk 0:09:19]} 29. g4 {[%clk 0:16:37]} Bd6
{[%clk 0:08:06]} 30. Ra7 {[%clk 0:14:58]} h5 {[%clk 0:07:16]} 31. gxh5
{[%clk 0:12:20]} Rxh5 {[%clk 0:07:32]} 32. Ng3 {[%clk 0:12:38]} Rc5
{[%clk 0:06:44]} 33. Rxa6 {[%clk 0:11:26]} Be5 {[%clk 0:03:07]} 34. a4
{[%clk 0:06:34]} bxa4 {[%clk 0:03:06]} 35. Rxa4 {[%clk 0:06:47]} Rxc3
{[%clk 0:03:14]} 36. Kg2 {[%clk 0:05:25]} f5 {[%clk 0:02:50]} 37. f4
{[%clk 0:04:03]} Bd6 {[%clk 0:02:18]} 38. Ne2 {[%clk 0:02:26]} Re3
{[%clk 0:01:12]} 39. Kf2 {[%clk 0:01:46]} Rh3 {[%clk 0:00:55]} 40. Kg2
{[%clk 0:31:43]} Re3 {[%clk 0:31:20]} 41. Ng3 {[%clk 0:31:19]} Rd3
{[%clk 0:26:49]} 42. Ne2 {[%clk 0:29:15]} Kg6 {[%clk 0:26:13]} 43. Ra8
{[%clk 0:25:33]} f6 {[%clk 0:23:21]} 44. Ra7 {[%clk 0:19:44]} Rd2
{[%clk 0:20:15]} 45. Kf3 {[%clk 0:19:42]} e5 {[%clk 0:19:33]} 46. Rd7
{[%clk 0:09:05]} e4+ {[%clk 0:18:20]} 47. Kg3 {[%clk 0:09:28]} Rxe2
{[%clk 0:18:23]} 48. Rxd6 {[%clk 0:09:50]} Re3+ {[%clk 0:18:50]} 49. Kh4
{[%clk 0:07:39]} Rf3 {[%clk 0:19:12]} 50. h3 {[%clk 0:07:57]} Rxf4+
{[%clk 0:18:55]} 51. Kg3 {[%clk 0:08:20]} Rf3+ {[%clk 0:19:16]} 52. Kh4
{[%clk 0:08:43]} Rd3 {[%clk 0:18:46]} 53. Re6 {[%clk 0:08:52]} Kf7
{[%clk 0:19:03]} 54. Ra6 {[%clk 0:09:09]} Rf3 {[%clk 0:16:57]} 55. Ra7+
{[%clk 0:09:14]} Ke6 {[%clk 0:17:04]} 56. Ra6+ {[%clk 0:09:30]} Ke5
{[%clk 0:17:27]} 57. Ra5+ {[%clk 0:09:52]} Kd4 {[%clk 0:16:54]} 58. Ra4+
{[%clk 0:10:01]} Ke3 {[%clk 0:16:59]} 59. Ra6 {[%clk 0:10:01]} Kf2
{[%clk 0:16:52]} 60. Rxf6 {[%clk 0:10:06]} e3 {[%clk 0:17:08]} 0-1

[Event "SM-gruppen"]
[Site "Örebro"]
[Date "2013.07.14"]
[Round "9"]
[White "Cramling, Pia"]
[Black "Smith, Axel"]
[Result "1/2-1/2"]
[BlackElo "2461"]
[WhiteElo "2524"]

1. d4 {[%clk 1:27:45]} d5 2. Nf3 {[%clk 1:28:01]} Nf6 {[%clk 1:31:25]} 3. c4
{[%clk 1:28:11]} c6 {[%clk 1:31:52]} 4. Nc3 {[%clk 1:28:31]} dxc4
{[%clk 1:32:17]} 5. a4 {[%clk 1:28:54]} e6 {[%clk 1:32:45]} 6. e3
{[%clk 1:26:23]} c5 {[%clk 1:33:04]} 7. Bxc4 {[%clk 1:25:49]} Nc6
{[%clk 1:33:32]} 8. O-O {[%clk 1:25:52]} cxd4 {[%clk 1:34:01]} 9. exd4
{[%clk 1:18:57]} Be7 {[%clk 1:34:29]} 10. Bg5 {[%clk 1:14:02]} O-O
{[%clk 1:34:56]} 11. Qd2 {[%clk 1:14:16]} Bd7 {[%clk 1:04:52]} 12. Rfe1
{[%clk 1:02:43]} Nb4 {[%clk 1:05:18]} 13. a5 {[%clk 0:57:42]} a6 {[%clk 0:53:39]}
14. Ne5 {[%clk 0:54:14]} Bc6 {[%clk 0:54:07]} 15. Bxf6 {[%clk 0:40:34]} Bxf6
{[%clk 0:53:54]} 16. Na4 {[%clk 0:40:44]} Bxe5 {[%clk 0:42:02]} 17. Rxe5
{[%clk 0:40:48]} Bxa4 {[%clk 0:40:44]} 18. Rxa4 {[%clk 0:40:42]} Nc6
{[%clk 0:41:13]} 19. Re4 {[%clk 0:39:35]} Qf6 {[%clk 0:39:45]} 20. Be2
{[%clk 0:32:50]} Rfd8 {[%clk 0:37:30]} 21. Rf4 {[%clk 0:31:38]} Qe7
{[%clk 0:29:19]} 22. Qe3 {[%clk 0:29:38]} Rd6 {[%clk 0:29:47]} 23. Bf3
{[%clk 0:25:35]} Rad8 {[%clk 0:29:50]} 24. h4 {[%clk 0:25:24]} Qd7
{[%clk 0:24:51]} 25. Bxc6 {[%clk 0:23:42]} Qxc6 {[%clk 0:25:12]} 26. Rb4
{[%clk 0:23:22]} Rd5 {[%clk 0:19:49]} 27. Qc3 {[%clk 0:17:18]} Qxc3
{[%clk 0:14:10]} 28. bxc3 {[%clk 0:17:45]} R8d7 {[%clk 0:14:28]} 29. Ra4
{[%clk 0:17:48]} g6 {[%clk 0:13:13]} 30. g3 {[%clk 0:16:21]} Rb5 {[%clk 0:08:10]}
31. c4 {[%clk 0:15:56]} Rb1+ {[%clk 0:07:55]} 32. Kg2 {[%clk 0:16:24]} Re1
{[%clk 0:07:43]} 33. Kf3 {[%clk 0:14:24]} f5 {[%clk 0:06:55]} 34. g4
{[%clk 0:11:01]} Kg7 {[%clk 0:05:51]} 35. gxf5 {[%clk 0:09:19]} gxf5
{[%clk 0:06:20]} 36. d5 {[%clk 0:06:37]} Kf6 {[%clk 0:05:09]} 37. dxe6
{[%clk 0:06:40]} Kxe6 {[%clk 0:03:56]} 38. c5 {[%clk 0:04:18]} Re5
{[%clk 0:01:53]} 39. Rfc4 {[%clk 0:02:54]} Rc7 {[%clk 0:02:16]} 40. Rab4
{[%clk 0:32:38]} Rexc5 {[%clk 0:32:12]} 41. Rxc5 {[%clk 0:32:36]} Rxc5
{[%clk 0:32:40]} 42. Rxb7 {[%clk 0:32:43]} Rxa5 {[%clk 0:32:20]} 1/2-1/2